000 01164nam a22002657a 4500
005 20240530110618.0
008 161206s2012 su a g|b 000 0 ara d
017 _21432/9736
_bالسعودية . مكتبة الملك فهد الوطنية
020 _a9786038087596
040 _aEG-CaGPL
082 0 4 _221
_a371.33\
_bأ ت
100 0 _aامل عبدالفتاح سويدان
245 1 2 _aالتكنولوجيا الرقمية لذوى الاحتياجات الخاصة /
_cامل عبدالفتاح سويدان ، منال عبدالعال مبارز
250 _aط . 1
260 _aالرياض :
_bدار الزهراء للنشر والتوزيع ،
_c2012.
300 _a 360 ص. :
_bجداول ؛
_c24 سم.
504 _aبيبلوجرافية : ص 347 - 354
650 0 7 _2qrmak
_aالمعوقون
650 0 7 _2qrmak
_aالمعوقون
_xرعاية وعلاج
650 0 7 _2qrmak
_aوحدات التعلم الرقمية
650 0 7 _2qrmak
_aالتكنولوجيا الرقمية
_xاعلام
700 0 _aمنال عبدالعال مبارز
_eمؤلف مشارك
942 _2ddc
_cBK
999 _c63002
_d63002